|
|
|
|
| LEADER |
00704cam a2200193 7i4500 |
| 001 |
0000042666 |
| 005 |
20170218090000.0 |
| 020 |
|
|
|a 9788126144099 (hbk.)
|
| 090 |
0 |
0 |
|a PN4751
|b .D43 2011
|
| 100 |
0 |
|
|a Dhawal Paramjeet Singh
|
| 245 |
1 |
0 |
|a Political journalism
|c Dhawal Paramjeet Singh.
|
| 260 |
|
|
|a New Delhi:
|b Anmol Pub.,
|c 2011.
|
| 300 |
|
|
|a viii, 304 p.;
|c 25 cm.
|
| 490 |
0 |
|
|a International encyclopaedia of new media series
|
| 650 |
0 |
0 |
|a Journalism --
|x Political aspects
|
| 650 |
0 |
0 |
|a Press and politics
|
| 997 |
|
|
|a Communication, Visual Art & Computing, Faculty
|b Communication, Department
|
| 998 |
|
|
|a Communication (Journalism), Degree
|
| 999 |
|
|
|a 0000052297
|b BOK
|c OPEN SHELF
|e 1st Floor, Bestari Jaya
|